000 00433nam a22001577a 4500
005 20251108165157.0
008 250721s1977 xx 000 0 ara d
082 1 4 _a368/عيس
100 1 _aعبده، عيسى
245 1 0 _aالتأمين بين الحل والتحريم /
264 1 _aالقاهرة :
_bدار الأعتصام،
_c1977.
300 _a190ص
650 1 7 _aالتأمين
942 _2ddc
_cBK
999 _c21353
_d21353